000 00796nam a2200289Ia 4500
001 dia_191
003 CHAP
005 20221208133821.0
008 220117s1998 xx 000 0 und d
010 _a170621
020 _a970-663-021-X
040 _cCHAP
082 _a633.74 B46 1998
100 _aBenítez, Ana M. de
_9147526
245 _aDel cacao al chocolate /
_c Ana M. de Benítez
260 _aMéxico :
_b Clío,
_c1998
300 _a93 p.
440 _aLa cocina mexicana a través de los siglos
_9147527
503 _aC/e
504 _aBibliografía: p. 95
650 _a1.Cacao
_9147528
650 _aChocolate
_922816
901 _a633.74 B46 1998
902 _aM
905 _a5231271998 mx Ad 8222223322spa16
942 _cLIBRO
_2ddc
999 _c170621
_d170621